ბათუმის შოთა რუსთაველის სახელმწიფო უნივერსიტეტის ბიბლიოთეკა

Current Approaches to Roman Frontiers / (ბიბ.ჩანაწერი № 62604)

000 -LEADER
fixed length control field 00455nam a22001697a 4500
005 - DATE AND TIME OF LATEST TRANSACTION
control field 20241216165748.0
008 - FIXED-LENGTH DATA ELEMENTS--GENERAL INFORMATION
fixed length control field 241216s2024 enk||||| |||| 00| 0 eng d
020 ## - INTERNATIONAL STANDARD BOOK NUMBER
International Standard Book Number 9789464262759x
041 ## - LANGUAGE CODE
Language code of text/sound track or separate title eng
080 ## - UNIVERSAL DECIMAL CLASSIFICATION NUMBER
Universal Decimal Classification number 94(37) C-95
245 ## - TITLE STATEMENT
Title Current Approaches to Roman Frontiers /
Remainder of title LIMES XXV volume 1.
264 ## - PRODUCTION, PUBLICATION, DISTRIBUTION, MANUFACTURE, AND COPYRIGHT NOTICE
Place of production, publication, distribution, manufacture Leiden,
Date of production, publication, distribution, manufacture, or copyright notice 2024.
300 ## - PHYSICAL DESCRIPTION
Extent 374 p.;
Other physical details ill.;
Dimensions 28 cm.
653 ## - INDEX TERM--UNCONTROLLED
keyword რომი
653 ## - INDEX TERM--UNCONTROLLED
keyword ისტორია
942 ## - ADDED ENTRY ELEMENTS (KOHA)
Source of classification or shelving scheme
Koha item type წიგნი
ეგზემპლარები
Withdrawn status Lost status Source of classification or shelving scheme Damaged status Not for loan Permanent Location Current Location Shelving location Date acquired Cost, normal purchase price Full call number Barcode Date last seen Copy number Price effective from Koha item type Public note
          ბათუმის შოთა რუსთაველის სახელმწიფო უნივერსიტეტის მთავარი ბიბლიოთეკა ბათუმის შოთა რუსთაველის სახელმწიფო უნივერსიტეტის მთავარი ბიბლიოთეკა წიგნსაცავი 2024-12-16 15.00 94(37) C-95 69980 2024-12-16 69980 2024-12-16 წიგნი 15 ლ.